The rules of conduct, disciplinary powers and procedures (Record no. 105568)

MARC details
000 -LEADER
fixed length control field 00550cam a2200181 4500
001 - CONTROL NUMBER
control field ##L134153
008 - FIXED-LENGTH DATA ELEMENTS--GENERAL INFORMATION
fixed length control field #DATE n1973 000 0 eng u
035 ## - SYSTEM CONTROL NUMBER
System control number (Sirsi) u134153
041 0# - LANGUAGE CODE
Language code of text/sound track or separate title eng
050 04 - LIBRARY OF CONGRESS CALL NUMBER
Classification number 333.0062 $2 18
110 2# - MAIN ENTRY--CORPORATE NAME
Corporate name or jurisdiction name as entry element Royal Institution of Chartered Surveyors
9 (RLIN) 4900
245 04 - TITLE STATEMENT
Title The rules of conduct, disciplinary powers and procedures
Remainder of title July 1973
260 ## - PUBLICATION, DISTRIBUTION, ETC.
Place of publication, distribution, etc. London
Name of publisher, distributor, etc. RICS
Date of publication, distribution, etc. 1973
300 ## - PHYSICAL DESCRIPTION
Extent 39p.
Dimensions 21cm.
490 #0 - SERIES STATEMENT
Series statement RICS Rules of Conduct
690 ## - LOCAL SUBJECT ADDED ENTRY--TOPICAL TERM (OCLC, RLIN)
Topical term or geographic name as entry element MANAGEMENT-BUSINESS MANAGEMENT-PROFESSIONAL PRACTICE
942 ## - ADDED ENTRY ELEMENTS (KOHA)
Suppress in OPAC 0
Holdings
Withdrawn status Lost status Source of classification or shelving scheme Damaged status Not for loan Home library Current library Shelving location Date acquired Total Checkouts Full call number Barcode Date last seen Copy number Price effective from Koha item type
    Other/Generic Classification Scheme     London London RICS Boxes 13/07/2006   1973/55 134153-1001 06/08/2019 1 06/08/2019 Archive